Jugband Blues - Pink Floyd full Lyrics - Statistics

General Stats
  • This quiz has been taken 4 times
  • The average score is 90 of 125
Answer Stats
Answer % Correct
a
100%
and
100%
And
100%
be
100%
blue,
100%
could
100%
for
100%
I
100%
it
100%
It's
100%
me
100%
most
100%
my
100%
never
100%
not
100%
of
100%
the
100%
think
100%
who
100%
you
100%
you,
100%
away
67%
awfully
67%
big,
67%
brought
67%
clear
67%
considerate
67%
do
67%
grateful
67%
here,
67%
here.
67%
here
67%
if
67%
I'm
67%
in
67%
knew
67%
love
67%
loving
67%
making
67%
moon
67%
nothing
67%
old
67%
shoes
67%
so
67%
that
67%
threw
67%
to
67%
what
67%
with
67%
care
33%
don't
33%
dream,
33%
dressed
33%
exactly
33%
green,
33%
I'll
33%
instead
33%
is
33%
isn't
33%
joke...
33%
mine,
33%
obliged
33%
queen,
33%
red.
33%
sea
33%
shine,
33%
song...
33%
sun
33%
this
33%
winter.
33%
wondering
33%
writing
33%
nervous
0%
No matching quizzes found
Score Distribution
Percent of People with Each Score
Percentile by Number Answered
Your Score History
You have not taken this quiz